Statistics for Most populous world cities with 10 or more letters

Click here to take the quiz!

General Stats

  • This quiz has been taken 29 times
  • The average score is 21 of 30

Answer Stats

RankCountryPopulationCity% Correct
5Vietnam13.5MHo Chi Minh City
100%
4South Africa14.8MJohannesburg
100%
2United States17.7MLos Angeles
100%
1Mexico24.9MMexico City
100%
6Brazil13.4MRio de Janeiro
100%
3Argentina16.7MBuenos Aires
96%
7Malaysia9.1MKuala Lumpur
93%
10Russia6.4MSaint Petersburg
93%
8United States7.9MSan Francisco
93%
11Egypt6.1MAlexandria
89%
16Morocco4.7MCasablanca
85%
12Tanzania6.0MDar es Salaam
85%
14Mexico5.7MGuadalajara
81%
19Kuwait4.2MKuwait City
81%
18Ethiopia4.6MAddis Ababa
78%
25Guatemala3.3MGuatemala City
78%
24Haiti3.5MPort-au-Prince
74%
21Dominican Republic4.1MSanto Domingo
74%
28United Kingdom3.2MBirmingham
70%
29United Kingdom3.1MManchester
70%
9United States7.5MPhiladelphia
67%
15Brazil5.1MBelo Horizonte
63%
20Brazil4.2MPorto Alegre
52%
17Bangladesh4.6MChittagong
44%
26United States3.3MMinneapolis
44%
23Pakistan3.7MRawalpindi
37%
22Pakistan3.9MFaisalabad
30%
27Germany3.2MFrankfurt am Main
26%
13China6MShijiazhuang
7%
30Pakistan3.0MGujranwala
4%

Score Distribution

Percentile by Number Answered

Percent of People with Each Score

Your Score History

You have not taken this quiz